Trajes civiles, militares y religiosos de México (Record no. 10138)

MARC details
000 -CABECERA
campo de control de longitud fija 01260nam a2200313 a 4500
001 - NÚMERO DE CONTROL
campo de control BRL_1326
005 - FECHA Y HORA DE LA ÚLTIMA TRANSACCIÓN
campo de control 20190320211141.0
008 - DATOS DE LONGITUD FIJA--INFORMACIÓN GENERAL
campo de control de longitud fija 060114s1978----mx-a######---#000-0#spa-#
041 ## - CÓDIGO DE LENGUA
Código de lengua del texto/banda sonora o título independiente spa
044 ## - CÓDIGO DEL PAÍS DE LA ENTIDAD EDITORA/PRODUCTORA
Código MARC del país mx
050 #4 - SIGNATURA TOPOGRÁFICA DE LA BIBLIOTECA DEL CONGRESO
Número de clasificación NE2314
Número de documento/Ítem .L56 1978
100 1# - ENTRADA PRINCIPAL--NOMBRE DE PERSONA
Nombre de persona Linati, Claudio
Fechas asociadas al nombre 1790-1832
9 (RLIN) 1784
245 10 - MENCIÓN DE TÍTULO
Título Trajes civiles, militares y religiosos de México
Mención de responsabilidad, etc. Claudio Linati ; versión y arreglo de César Macazaga Ordoño ; cotraductores Normand Messier y Messier y César Magazaga Ordoño ; biografía de Claudio Linati Ceferino Palencia.
260 ## - PUBLICACIÓN, DISTRIBUCIÓN, ETC.
Lugar de publicación, distribución, etc. México
Nombre del editor, distribuidor, etc. Innovación
Fecha de publicación, distribución, etc. 1978
300 ## - DESCRIPCIÓN FÍSICA
Extensión 1 v. (sin paginación)
Otras características físicas il., 48 láminas
Dimensiones 27 cm.
500 ## - NOTA GENERAL
Nota general Au1558
500 ## - NOTA GENERAL
Nota general Incluye índice de láminas
500 ## - NOTA GENERAL
Nota general Estado físico : Hojas desprendidas del lomo
500 ## - NOTA GENERAL
Nota general Ver también número de sistema 519 perteneciente al Fondo Contemporáneo
650 14 - PUNTO DE ACCESO ADICIONAL DE MATERIA--TÉRMINO DE MATERIA
Término de materia o nombre geográfico como elemento de entrada Litografía
Subdivisión geográfica México
9 (RLIN) 1785
650 14 - PUNTO DE ACCESO ADICIONAL DE MATERIA--TÉRMINO DE MATERIA
Término de materia o nombre geográfico como elemento de entrada Prendas de vestir
Subdivisión geográfica México
9 (RLIN) 24774
651 #4 - PUNTO DE ACCESO ADICIONAL DE MATERIA--NOMBRE GEOGRÁFICO
Nombre geográfico México
Subdivisión general Vida social y costumbres
Subdivisión cronológica Siglo XVIII-XIX
9 (RLIN) 26535
653 0# - TÉRMINO DE INDIZACIÓN--NO CONTROLADO
Término no controlado Indumentaria - Vida cotidiana
700 1# - PUNTO DE ACCESO ADICIONAL--NOMBRE DE PERSONA
Nombre de persona Macazaga Ordoño, César
Término indicativo de función/relación tr.
9 (RLIN) 26477
700 1# - PUNTO DE ACCESO ADICIONAL--NOMBRE DE PERSONA
Nombre de persona Messier y Messier, Normand
Término indicativo de función/relación tr.
9 (RLIN) 26536
700 1# - PUNTO DE ACCESO ADICIONAL--NOMBRE DE PERSONA
Nombre de persona Palencia, Ceferino
9 (RLIN) 26537
902 ## - CATALOGADOR
Iniciales GRL
942 ## - ELEMENTOS DE PUNTO DE ACCESO ADICIONAL (KOHA)
Fuente del sistema de clasificación o colocación Library of Congress Classification
Tipo de ítem Koha Libros
Holdings
Estado de retiro Estado de pérdida Estado dañado No para préstamo Localización permanente Ubicación/localización actual Fecha de adquisición Número de inventario Total de préstamos Signatura topográfica completa Código de barras Fecha visto por última vez Precio válido a partir de Tipo de ítem Koha
El ejemplar forma parte de la colección y puede ser consultado según las políticas vigentes.       Biblioteca Centro de Estudios Ruth D. Lechuga Biblioteca Centro de Estudios Ruth D. Lechuga 06/01/2014 Au1558   NE2314 .L56 1978 (Au1558) GRL01485 22/03/2019 22/03/2019 Libros